000 01026nas a2200313 4500
001 BR2016004934
003 BR-BrBNA
005 20231205130726.0
007 ta
008 230509b bl.|||p| |||| 00| 00por d
040 _aBR-BrBNA
_bpor
_cBiblioteca Nacional de Agricultura
041 _a(Pt)
072 _aF30
100 1 _aLuiz, C.P.P.
100 1 _aBloisi, F.M.
100 1 _aPoelking, V.G. de C.
100 1 _aOliveira, J. da S.
100 1 _aAlmeida, A.T.
100 1 _aCruz, T.V. da
245 1 _aDivergência genética e correlação fenotípicas em genótipos de amendoim do grupo Valencia, tipo Vagem Lisa, no Recôncavo Baiano
650 _aAMENDOIM
650 _aGENÉTICA VEGETAL
650 _aGENÓTIPO
650 _aMORFOLOGIA VEGETAL
773 0 _tMagistra (Brazil)
_xISSN 2236-4420
_g(Jan-Mar 2015), v. 27(1) p. 145-154
_wBR2016004934
856 4 0 _uhttp://www2.ufrb.edu.br/magistra/documentos/category/13?download=27
909 _a202311
_bLúcia
_c55
_dLúcia Elande
942 _2AGRIS
_n0
_cANA
999 _c250874
_d250874